| 000 | 00563nam a2200145 i 4500 | ||
|---|---|---|---|
| 001 | 183731 | ||
| 003 | ES-MaACL | ||
| 005 | 20230906221948.0 | ||
| 008 | 200929s1885 sp |||| | spa d | ||
| 110 | 2 |
_aReal Academia de Ciencias Morales y Políticas (España) _96299 |
|
| 245 | 1 | 0 |
_aReglamento interior de la Real Academía de Ciencias morales y políticas _b: formado en virtud de lo prevenido en el artº 50 de sus Estatutos. |
| 260 |
_aMadrid : _b[s.n.], _c1885 ( _fTipografía de los Huérfanos) |
||
| 300 |
_a73 p. ; _c18 cm. |
||
| 852 |
_aES-MaACL _jT-412-F-5 |
||
| 999 |
_c183731 _d183731 |
||